000
00253 a2200109 4500
001
32841
090
_c
22009
_d
22009
100
_a
Khurmi,R.S
245
_a
Textbook of Workshop Technology
260
_a
New Delhi
_b
S.Chand & Company Ltd
_c
1981
300
_a
v, 551+4
942
_a
NUST-CAE
999
_c
267914
_d
267914